La Llana, el teixit intel·ligent [Recurs electrònic] = Wool, the intelligent fabric [Recurs electrònic]
Descripción Física:
1 disc òptic (CD-ROM) ; 12 cm
Materias:
Llana -- Exposicions
MARC
| LEADER | 00000nam a2200000Ia 4500 | ||
|---|---|---|---|
| 001 | 22991 | ||
| 008 | 160829s9999 xx 000 0 cat d | ||
| 080 | |a CD-1-181 | ||
| 245 | |a La Llana, el teixit intel·ligent [Recurs electrònic] = Wool, the intelligent fabric [Recurs electrònic] | ||
| 260 | |a Terrassa : |b Centre de Documentació i Museu Tèxtil de Terrassa, [2006] | ||
| 300 | |a 1 disc òptic (CD-ROM) ; |c 12 cm | ||
| 590 | |a Inclou: dossier en Power Point, en català, castellà i anglès, i fotografies en tif i jpg. | ||
| 590 | |a L'exposició forma part del Fòrum Universal de les Cultures, i es va celebrar entre el 25 de novembre de 2003 i el 30 de setembre de 2006 | ||
| 650 | |a Llana |x Exposicions |9 43388 | ||
| 710 | 2 | |a Centre de Documentació i Museu Tèxtil (Terrassa, Catalunya) |9 54995 | |
| 901 | |a Arxiu | ||
| 942 | |n 1 | ||
| 952 | |0 0 |1 0 |4 0 |6 CD1181 |7 1 |9 51405 |a Arxiu |b Arxiu |d 2016-12-01 |l 0 |o CD-1-181 |p 22991 |r 2016-12-01 00:00:00 |w 2016-12-01 |y ARXIU | ||
| 999 | |c 55249 |d 55249 | ||